书目信息 |
| 题名: |
生活垃圾渗沥液处理技术规范
|
|
| 作者: | 中华人民共和国住房和城乡建设部 ;翟力新 起草 ;城市建设研究院 , 上海环境卫生工程设计院 主编 ;中国 发布 | |
| 分册: | ||
| 出版信息: | 北京 中国建筑工业出版社 2010.11 |
|
| 页数: | 47页 | |
| 开本: | 20cm | |
| 丛书名: | 中华人民共和国行业标准 | |
| 单 册: | ||
| 中图分类: | T-652.6 , X799.3-65 | |
| 科图分类: | ||
| 主题词: | 生活--sheng huo--垃圾--废物处理--行业标准--中国--2010 , 废物 , 废物处理 , 废物综合利用 | |
| 电子资源: | ||
| ISBN: | ||
| 000 | 01936nam 2200409 450 | |
| 001 | 1249032359 | |
| 005 | 20161213085744.94 | |
| 010 | @dCNY10.00 | |
| 091 | @a15112·17943@dCNY10.00 | |
| 094 | @aCN@bCJJ 150-2010 | |
| 100 | @a20110609d2010 ekmy0chiy50 ea | |
| 101 | 0 | @achi |
| 102 | @aCN@b110000 | |
| 105 | @aa z 000yy | |
| 200 | 1 | @a生活垃圾渗沥液处理技术规范@Asheng huo la ji shen li ye chu li ji shu gui fan@d= Technical code for leachate treatment of municipal solid waste@eJ 1070-2010@f中华人民共和国住房和城乡建设部@Fzhong hua ren min gong he guo zhu fang he cheng xiang jian she bu@zeng |
| 210 | @a北京@c中国建筑工业出版社@d2010.11 | |
| 215 | @a47页@d20cm | |
| 225 | 2 | @a中华人民共和国行业标准@Azhong hua ren min gong he guo hang ye biao zhun |
| 300 | @a本标准由中华人民共和国住房和城乡建设部于2010-07-23发布, 2011-01-01实施 ; UDC ; J 1070-2010 | |
| 314 | @a本规范主编单位: 城市建设研究院, 上海环境卫生工程设计院 ; 本规范主要起草人员: 翟力新 ... [等] | |
| 330 | @a本书内容包括: 水量与水质、总体布置及配套工程、环境保护与劳动卫生、工程施工及验收、工艺调试与运行管理等。 | |
| 410 | 0 | @12001 @a中华人民共和国行业标准 |
| 510 | 1 | @aTechnical code for leachate treatment of municipal solid waste@zeng |
| 517 | 1 | @aJ 1070-2010 |
| 606 | 0 | @a生活@Asheng huo@x垃圾@x废物处理@x行业标准@y中国@z2010 |
| 606 | 0 | @a废物 |
| 606 | 0 | @a废物处理 |
| 606 | 0 | @a废物综合利用 |
| 690 | @aT-652.6@v5 | |
| 690 | @aX799.3-65@v4 | |
| 701 | 0 | @a中华人民共和国住房和城乡建设部@Azhong hua ren min gong he guo zhu fang he cheng xiang jian she bu |
| 702 | 0 | @a翟力新@Azhai li xin@4起草 |
| 711 | 02 | @a城市建设研究院@Acheng shi jian she yan jiu yuan@4主编 |
| 711 | 02 | @a上海环境卫生工程设计院@Ashang hai huan jing wei sheng gong cheng she ji yuan@4主编 |
| 712 | 01 | @a中国@Azhong guo@b住房和城乡建设部@Bzhu fang he cheng xiang jian she bu@4发布 |
| 801 | 0 | @aCN@c20110610 |
| 905 | @b1016015-7@dX799.3-65@eZ911@f3 | |
| 生活垃圾渗沥液处理技术规范= Technical code for leachate treatment of municipal solid waste:J 1070-2010/中华人民共和国住房和城乡建设部.-北京:中国建筑工业出版社,2010.11 |
| 47页;20cm.-(中华人民共和国行业标准) |
| 本标准由中华人民共和国住房和城乡建设部于2010-07-23发布, 2011-01-01实施 ; UDC ; J 1070-2010 |
| ISBN :CNY10.00 |
| 本书内容包括: 水量与水质、总体布置及配套工程、环境保护与劳动卫生、工程施工及验收、工艺调试与运行管理等。 |
| ● |
| 相关链接 |
|
|
|
正题名:生活垃圾渗沥液处理技术规范
索取号:X799.3-65/Z911
 
预约/预借
| 序号 | 登录号 | 条形码 | 馆藏地/架位号 | 状态 | 备注 |
| 1 | 1016015 | 210160154 | 自科二线504/501自科库 111排2列4层/ [索取号:T-652.6/Z912] | 在馆 | |
| 2 | 1016016 | 210160163 | 自科二线504/501自科库 111排2列4层/ [索取号:T-652.6/Z912] | 在馆 | |
| 3 | 1016017 | 210160172 | 自科二线504/501自科库 111排2列4层/ [索取号:T-652.6/Z912] | 在馆 |